UM Logo

Artificial intelligence in finance / (Record no. 23919)

MARC details
000 -LEADER
fixed length control field 00726nam a2200205 4500
005 - DATE AND TIME OF LATEST TRANSACTION
control field 20251001084558.0
008 - FIXED-LENGTH DATA ELEMENTS--GENERAL INFORMATION
fixed length control field 251001b |||||||| |||| 00| 0 eng d
020 ## - INTERNATIONAL STANDARD BOOK NUMBER
International Standard Book Number 9781984689382
082 ## - DEWEY DECIMAL CLASSIFICATION NUMBER
Classification number DC 332.0285 C441 2024
100 ## - MAIN ENTRY--PERSONAL NAME
Personal name Ching, Lin Yu.
9 (RLIN) 68264
245 ## - TITLE STATEMENT
Title Artificial intelligence in finance /
Statement of responsibility, etc. Lin Yu Ching and 3G E-Learning.
260 ## - PUBLICATION, DISTRIBUTION, ETC. (IMPRINT)
Place of publication, distribution, etc. USA :
Name of publisher, distributor, etc. 3G E-Learning,
Date of publication, distribution, etc. ©2024.
300 ## - PHYSICAL DESCRIPTION
Extent vii, 305 pages :
Other physical details illustrations ;
Dimensions 25 cm.
521 ## - TARGET AUDIENCE NOTE
Target audience note Includes references and index.
650 #0 - SUBJECT ADDED ENTRY--TOPICAL TERM
Topical term or geographic name as entry element Artificial intelligence
General subdivision Financial applications.
9 (RLIN) 68266
650 #0 - SUBJECT ADDED ENTRY--TOPICAL TERM
Topical term or geographic name as entry element Finance
General subdivision Data processing.
9 (RLIN) 68268
650 #0 - SUBJECT ADDED ENTRY--TOPICAL TERM
Topical term or geographic name as entry element Finance
General subdivision Technological innovation.
9 (RLIN) 68269
710 ## - ADDED ENTRY--CORPORATE NAME
Corporate name or jurisdiction name as entry element 3G E-Learning.
9 (RLIN) 68265
942 ## - ADDED ENTRY ELEMENTS (KOHA)
Source of classification or shelving scheme Dewey Decimal Classification
Koha item type Circulation
Holdings
Withdrawn status Lost status Source of classification or shelving scheme Damaged status Not for loan Collection code Home library Current library Date acquired Source of acquisition Cost, normal purchase price Total Checkouts Full call number Barcode Date last seen Price effective from Koha item type
    Dewey Decimal Classification     Circulation UM Digos College - LIC UM Digos College - LIC 08/11/2025 Purchased 7040.00   DC 332.0285 C441 2024 28935 10/01/2025 10/01/2025 Circulation